000 01292pab a2200169 454500
008 180718b2000 xxu||||| |||| 00| 0 eng d
100 _aWeiss, Thomas G.
245 _aGovernance, good governance and global governance: conceptual and actual challenges
260 _c2000
300 _ap.795-814
362 _aOct
520 _aThis article takes seriously the proposition that ideas and concepts, both good and bad, have an impact on international public policy. It situates the emergence of governance, good governance and global governance, as well as the UN's role in the conceptual process. Although `governance' is as old as human history, this essay concentrates on the intellectual debates of the 1980s and 1990s but explores such earlier UN-related ideas as decolonisation, localisation and human rights, against which more recent thinking has been played out. A central analytical perspective is the tension between many academics and international practitioners who employ `governance' to connote a complex set of structures and processes, both public and private, while more popular writers tend to use it synonymously with `government'. - Reproduced
650 _aInternational relations
650 _aUnited Nations
773 _aThird World Quarterly
909 _a47307
999 _c47307
_d47307